Modelovanie rezerv použitím MS Excel pre portfólio poistných zmlúv zmiešaného poistenia

Salvato in:
Dettagli Bibliografici
Autore principale: Bilíková, Mária, 1951-
Altri autori: Strešňáková, Anna, 1976-
Natura: Capitolo di libro
Lingua:slovacco
Tags: Aggiungi Tag
Nessun Tag, puoi essere il primo ad aggiungerne!!

MARC

LEADER 00000nla a2200000 4500
001 0235622
005 20240502073817.9
041 0 |a slo 
044 |a SK 
245 1 0 |a Modelovanie rezerv použitím MS Excel pre portfólio poistných zmlúv zmiešaného poistenia  |c Mária Bilíková, Anna Strešňáková 
500 |a Abstrakt 
100 1 |a Bilíková, Mária, 1951- 
700 1 |a Strešňáková, Anna, 1976-